|
|
|
|
| LEADER |
00000nam a22000007a 4500 |
| 005 |
2012092803343.0 |
| 007 |
cr|||| |||| |
| 008 |
120928s2008 co |||||s|||| 00||0 spa d |
| 020 |
|
|
|a 978-958-98085-6-6
|
| 035 |
|
|
|a 6728
|
| 040 |
|
|
|a vLex
|
| 090 |
|
|
|c 3485
|d 3485
|
| 100 |
1 |
|
|a Pachn̤ Lucas, Carlos
|
| 245 |
1 |
0 |
|a Empleo y Carrera Administrativa
|h [Recurso electrn̤ico] /
|c Carlos Pachn̤ Lucas
|
| 256 |
|
|
|a Servicio en ln̕ea
|
| 260 |
|
|
|a Bogot ̀:
|b Editorial Nueva Legislacin̤,
|c 2008
|
| 300 |
|
|
|a 1 recurso electrn̤ico
|
| 506 |
1 |
|
|a Contenido solo disponible para los productos indicados
|d vLex Global
|d vLex Global (Academic Edition, excluding Law Schools)
|d vLex Global (U.S. Academic Edition, Law Schools)
|d vLex Global (U.S. Academic Edition, excluding Law Schools)
|d vLex Global (Academic Edition, Law Schools)
|
| 650 |
0 |
4 |
|a Funcionarios
|z Colombia
|
| 650 |
0 |
4 |
|a Trabajo
|z Colombia
|
| 740 |
0 |
|
|a vLex Libros (Servicio en ln̕ea)
|
| 856 |
4 |
0 |
|u http://vlex.com/source/empleo-carrera-administrativa-6728
|z Acceso restrignido
|
| 942 |
|
|
|c BOOK
|
| 999 |
0 |
|
|a Public offers
|